| 000 | 00424nam a2200169Ia 4500 | ||
|---|---|---|---|
| 008 | 230718s9999 xx 000 0 und d | ||
| 041 | _aeng | ||
| 082 |
_a621.37 _bBAK |
||
| 100 | _aBakshi U.A. | ||
| 245 | _aElectrical Technology | ||
| 250 | _a3rd Revised ed. | ||
| 260 |
_c2007 _bTechnical |
||
| 300 | _a668 | ||
| 365 |
_cRs. _b325.00 |
||
| 700 | _aBakshi U.A. & Bakshi V.U. | ||
| 906 |
_dB:203111-Dec-2008 _cSS _b276.25 |
||
| 999 |
_c320646 _d320646 |
||